| 000 | 00440nam a2200157Ia 4500 | ||
|---|---|---|---|
| 008 | 210210b1998 xxu||||| |||| 00| 0 eng d | ||
| 082 | _a001.51 RAYM | ||
| 100 | _aRAYUDU (C S). | ||
| 245 | _aMedia and communication management. Ed 3. | ||
| 250 | _a | ||
| 260 |
_aNew Delhi. _bHimalaya Publishing House _c1998 |
||
| 300 | _axiii,720 | ||
| 650 | _aCommunication management Media management | ||
| 690 | _aCommunication | ||
| 906 | _a054094 | ||
| 999 |
_c102296 _d102296 |
||